| 000 | 00411 a2200193 4500 | ||
|---|---|---|---|
| 001 | sjds | ||
| 003 | sjds | ||
| 005 | 20240808091811.0 | ||
| 008 | 240808b |||||||| |||| 00| 0 spa d | ||
| 020 | _a9789501181647 | ||
| 040 | _csjds | ||
| 041 | _aspa | ||
| 100 | _a | ||
| 110 | _aSigmar | ||
| 245 |
_aplaneta tierra : _b101 Preguntas y Respuestas |
||
| 260 | _bsigmar | ||
| 300 | _a1 vol. | ||
| 942 | _cREF | ||
| 999 |
_c30032 _d30030 |
||